00217nam a2200085Ia 4500008004100000041000800041100001800049245003300067260003100100230508s1999 xx 000 0 und d aeng aMALVINO BROWN aDIGITAL COMPUTER ELECTRONICS bTATA MC GRAW HILL COc1999